Normal view MARC view
  • México.

Entry Nombre Corporativo

Number of records used in: 1

001 - NÚMERO DE CONTROL

  • campo de control: 47120

003 - IDENTIFICADOR DE NUMERO DE CONTROL

  • campo de control: UPN

005 - FECHA Y HORA DE LA ÜLTIMA TRANSACCIÓN

  • campo de control: 20221017110131.0

008 - DATOS DE LONGITUD FIJA

  • campo de control de longitud fija: 221017nn fcznnbabn a ana d

040 ## - FUENTE DE CATALOGACIÓN

  • Agencia original de catalogación: MX-MxUPN
  • Lenguaje de catalogación: spa

110 ## - ENCABEZAMIENTO - NOMBRE CORPORATIVO

  • Nombre corporativo o de jurisdicción como elemento de entrada : México.
  • Unidad subordinada: Secretaría de Gobernación
  • Subdivisión temática general: Historia

670 ## - FUENTE EN LA QUE SE LOCALIZARON DATOS

  • Cita de la fuente : Autoridades BTQ, 17 octubre 2022:
  • Información localizada: (Encabezamiento: México. Secretaría de Gobernación)

670 ## - FUENTE EN LA QUE SE LOCALIZARON DATOS

  • Cita de la fuente : Autoridades BTQ, 17 octubre 2022:
  • Información localizada: (Subdivisión general: Historia)

902 ## - CATALOGADOR

  • Catalogador: VAGG/171022